| 000 | 00586nam a2200217 u 4500 | ||
|---|---|---|---|
| 005 | 20240910063829.0 | ||
| 008 | 131007s2008 mx r 000 0 spa d | ||
| 020 | _a9789706418234 | ||
| 035 | _aUPN01000193560 | ||
| 049 | _aCG | ||
| 050 | 4 |
_aPQ7298.41 V5.4 _bG8.4 |
|
| 100 | 1 |
_aAvilés, Edgar Omar, _d1980- _934379 |
|
| 245 | 1 | 0 |
_aGuiichi / _cEdgar Omar Avilés. |
| 260 |
_aMéxico : _bProgreso, _c2008. |
||
| 300 |
_a141 p. : _bil. |
||
| 440 | 0 | _aPiel de gallina | |
| 650 | 4 |
_aNovela mexicana _94557 |
|
| 650 | 4 |
_aCuentos de terror _92404 |
|
| 905 | _aLibro | ||
| 999 |
_c165661 _d165661 |
||